000 00540nam a2200193Ia 4500
005 20250326142110.0
008 250326s9999 xx 000 0 und d
020 _a0-521-30127-0
037 _aTextbook
040 _aFMSL
_beng
_cFMSL
041 _aeng
_2eng
084 _aX65 M6
_qFMSL
100 _aBromiley P
_9745576
245 0 _aCorporate capital investment : behavioral approach
_cBromiley P
260 _aNY
_bNY, Cambridge University
_c1986
300 _a187p
942 _cTB
_hX65 M6
999 _c1293430
_d1293430